Did This Footballer Play There? #2 - Statistics

General Stats
  • This quiz has been taken 7 times
  • The average score is 8 of 10
Answer Stats
Question Answer % Correct
Bastian Schweinsteiger Manchester United
100%
James Rodriguez Everton
86%
Raul Gonzalez FC Schalke 04
86%
Andrea Pirlo Inter Milan
86%
Ashley Cole Los Angeles Galaxy
86%
Pep Guardiola AS Roma
71%
Ashley Young Inter Milan
71%
Mario Balotelli Olympique Marseille
71%
Mario Götze PSV Eindhoven
71%
Samuel Eto'o Sampdoria
57%
No matching quizzes found
Score Distribution
Percent of People with Each Score
Percentile by Number Answered
Your Score History
You have not taken this quiz